Welcome to CU Library Online Public Access Catalogue (OPAC)

Discovering Computers/ (Record no. 725)

MARC details
000 -LEADER
fixed length control field 00790nam a22002297a 4500
005 - DATE AND TIME OF LATEST TRANSACTION
control field 20241106155829.0
008 - FIXED-LENGTH DATA ELEMENTS--GENERAL INFORMATION
fixed length control field 241106b |||||||| |||| 00| 0 eng d
020 ## - INTERNATIONAL STANDARD BOOK NUMBER
International Standard Book Number 9781423927020
050 ## - LIBRARY OF CONGRESS CALL NUMBER
Classification number QA76.5 SHE
100 ## - MAIN ENTRY--PERSONAL NAME
Personal name Shelly, Gary B.
245 ## - TITLE STATEMENT
Title Discovering Computers/
Remainder of title fundamentals
Statement of responsibility, etc. Gary B. Shelly & Misty E. Vermaat with contributing authors Jeffery J. Quasney, Susan L. Sebok, Jeffery J. Webb & Steven M. Freund
250 ## - EDITION STATEMENT
Edition statement 5th Ed.
260 ## - PUBLICATION, DISTRIBUTION, ETC.
Place of publication, distribution, etc. Australia
Name of publisher, distributor, etc. Course Technology, Cengage Learning
Date of publication, distribution, etc. 2008
300 ## - PHYSICAL DESCRIPTION
Extent xxiii. various pagings
Other physical details ill. color
Dimensions 27.5cm
650 ## - SUBJECT ADDED ENTRY--TOPICAL TERM
Source of heading or term Computers
700 ## - ADDED ENTRY--PERSONAL NAME
Personal name Vermaat, Misty E.
700 ## - ADDED ENTRY--PERSONAL NAME
Personal name Quasney, Jeffrey J.
700 ## - ADDED ENTRY--PERSONAL NAME
Personal name Sebok, Susan L.
700 ## - ADDED ENTRY--PERSONAL NAME
Personal name Webb, Jeffrey J.
700 ## - ADDED ENTRY--PERSONAL NAME
Personal name Freund, Steven M.
942 ## - ADDED ENTRY ELEMENTS (KOHA)
Source of classification or shelving scheme Library of Congress Classification
Koha item type Books
Edition 5th Ed.
Suppress in OPAC No
999 ## -
-- 725
-- 725
Holdings
Withdrawn status Lost status Source of classification or shelving scheme Damaged status Not for loan Collection Home library Current library Shelving location Date acquired Total checkouts Full call number Barcode Date last seen Copy number Price effective from Koha item type
    Library of Congress Classification     Non-fiction Science Library (Miotso) Science Library (Miotso) General stacks 11/06/2024   QA76.5 SHE SLM00000383 11/06/2024 1 11/06/2024 Books
© 2023-2024 Copyright: Central University Libraries. All Rights Reserved | Created by: Mahone Tech Office